000 00550nam a2200217Ia 4500
003 OSt
005 20220928143401.0
006 a|||||r|||| 00| 0
007 ta
008 220927b |||||||| |||| 00| 0 eng d
024 _a21782
037 _cTextual
040 _aSDCL
_cSDCL
_beng
041 _2eng
_aeng
082 _aO15,1B2:g, N9
100 _aRamankutty P V
_9505167
245 0 _aCurse as a motof in the Mahabharata.
260 _c1999
942 _hO15,1B2:g, N9
_cTEXL
_2CC
999 _c823804
_d823804